000 00456nam a2200181Ia 4500
001 14574
005 20260306164924.0
008 260306t2008||||xx |||||||||||||| ||spa||
041 _aESP
082 _a515.33
_bE87
100 _aEspinosa Herrera, Ernesto Javier
_eAUT
245 0 _aCálculo diferencial:
_bproblemas resueltos
260 _c2008
300 _ax, 469 páginas :
_c26 cm.
650 _aGEN
654 _aCMA
942 _cLIB
_dJUS
_fJUS
_2ddc
_n
999 _c14574
_d14574